Szczegóły MARC21

Podstawy techniki i eksploatacji w transporcie samochodowym /

003 -Nazwa inst., której nr kontr. jest w polu 001 [,]
    • @
    • Nazwa instytucji, której n kontrolny jest w polu 001
    • NUKAT
005 -DATA I CZAS OSTATNIEJ MODYFIKACJI [,]
    • @
    • pole kontrolne
    • 20260407152624.0
020 -Międzynarod. znormalizowany nr książki - ISBN [ , ]
    • a
    • Numer ISBN
    • 8320608058 Find
    • z
    • Błędny ISBN (P)
    • 832068058 Find
040 -Instytucja sporządzająca opis [ , ]
    • a
    • Instytucja, która sporządziła opis (NP)
    • WA U/88DWA
    • c
    • Instytucja, która sporządziła rekord (NP)
    • WA U/DWA
    • d
    • Instytucja, która zmodyfikowała rekord (P)
    • WA U/88OBs
942 -Rodzaj dokumentu [ , ]
    • c
    • Rodzaj dokumentu
    • Książka
100 -Hasło główne - nazwa osobowa [1, ]
    • a
    • Nazwa osobowa (NP)
    • Bronk, Hubert
    • d
    • Daty biograficzne (NP)
    • (1940- ).
245 -Strefa tytułu i oznaczenia odpowiedzialności [1,0]
    • a
    • Tytuł
    • Podstawy techniki i eksploatacji w transporcie samochodowym / Find
    • c
    • Pozostałe elementy strefy tytułu i oznaczenia odpowiedzialności (NP)
    • Hubert Bronk, Jerzy Gracz, Benon Szałek.
250 -Strefa wydania [ , ]
    • a
    • Oznaczenie wydania (NP)
    • Wyd. 3 zm.
260 -Strefa adresu wydawniczego [ , ]
    • a
    • Miejsce wydania (P)
    • Warszawa :
    • b
    • Nazwa wydawcy (P)
    • Wydawnictwa Komunikacji i Łączności,
    • c
    • Data wydania (P)
    • 1988.
300 -Strefa opisu fizycznego [ , ]
    • a
    • Określenie formy książki i/lub objętość (NP)
    • 190, [2] s. :
    • b
    • Oznaczenie ilustracji (NP)
    • il. ;
    • c
    • Format (NP)
    • 21 cm.
336 -Typ zawartości [ , ]
    • a
    • Termin opisujący typ zawartości
    • Tekst
    • b
    • Kod określający zawartość
    • txt
    • 2
    • Źródło (terminu i kodu)
    • rdacontent
337 -Typ mediów [ , ]
    • a
    • Tryb odtwarzania
    • Bez urządzenia pośredniczącego
    • b
    • Kod typu mediów
    • n
    • 2
    • Źródło (terminu i kodu)
    • rdamedia
338 -Typ/rodzaj nośnika [ , ]
    • a
    • Hasło opisujące typ nośnika
    • Wolumin
    • b
    • Kod typu nośnika
    • nc
    • 2
    • Źródło (terminu i kodu)
    • rdacarrier
380 -Deskryptor - Forma dzieła (P) [ , ]
    • a
    • forma dzieła (NP)
    • Książki
380 -Deskryptor - Forma dzieła (P) [ , ]
    • a
    • forma dzieła (NP)
    • Publikacje dydaktyczne
380 -Deskryptor - Forma dzieła (P) [ , ]
    • a
    • forma dzieła (NP)
    • Publikacje naukowe
385 -Deskryptor - grupa odbiorców (P) [ , ]
    • m
    • wyrażenie wprowadzające (NP)
    • Poziom nauczania
    • a
    • termin określający odbiorcę (P)
    • Szkoły wyższe
500 -Uwaga ogólna [ , ]
    • a
    • Uwaga ogólna (NP)
    • Na s. red. błędny ISBN.
504 -Uwaga dot. bibliogr. załącznikowej [ , ]
    • a
    • Uwaga dot. bibliografii załącznikowej
    • Bibliogr. s. 190-[191].
521 -Uwaga dot. przeznaczenia czytelniczego [8, ]
    • a
    • Uwaga dot. przeznaczenia czytelniczego
    • Dla studentów kierunków ekonomiki i organizacji transportu uczelni ekonomicznych i technicznych oraz pracowników służb ekonomicznych i eksploatacyjnych przedsiębiorstw transportu samochodowego.
080 -Uniwersalna Klasyfikacja Dziesiętna [ , ]
    • a
    • Symbol klasyfikacji
    • 656.13.002
650 -Hasło przedmiotowe [ ,7]
    • a
    • Hasło przedmiotowe
    • Obsługa i eksploatacja
    • 2
    • Źródło terminu
    • DBN
    • 9
    • KHW
    • 733620
650 -Hasło przedmiotowe [ ,7]
    • a
    • Hasło przedmiotowe
    • Organizacja
    • 2
    • Źródło terminu
    • DBN
    • 9
    • KHW
    • 722344
650 -Hasło przedmiotowe [ ,7]
    • a
    • Hasło przedmiotowe
    • Samochody
    • 2
    • Źródło terminu
    • DBN
    • 9
    • KHW
    • 726482
650 -Hasło przedmiotowe [ ,7]
    • a
    • Hasło przedmiotowe
    • Transport samochodowy
    • 2
    • Źródło terminu
    • DBN
    • 9
    • KHW
    • 734641
650 -Hasło przedmiotowe [ ,7]
    • a
    • Hasło przedmiotowe
    • Transport drogowy
    • z
    • Określnik geograficzny
    • Polska.
    • 2
    • Źródło terminu
    • kaba
    • 9
    • KHW
    • 358067
650 -Hasło przedmiotowe [ ,7]
    • a
    • Hasło przedmiotowe
    • Samochody
    • x
    • Określnik rzeczowy
    • konserwacja i naprawy.
    • 2
    • Źródło terminu
    • kaba
    • 9
    • KHW
    • 129559
650 -Hasło przedmiotowe [ ,7]
    • a
    • Hasło przedmiotowe
    • Kontrola techniczna samochodów.
    • 2
    • Źródło terminu
    • kaba
    • 9
    • KHW
    • 129560
655 -Hasło w funkcji tematu formalnego [ ,7]
    • a
    • Hasło
    • Podręcznik
    • 2
    • Źródło terminu
    • DBN
    • 9
    • KHW
    • 720960
658 -Ujęcie treści [ , ]
    • a
    • dziedzina nauki i sztuki/ sfera aktywności życiowej
    • Inżynieria i technika
658 -Ujęcie treści [ , ]
    • a
    • dziedzina nauki i sztuki/ sfera aktywności życiowej
    • Transport i logistyka
980 -Symbol UKD [ , ]
    • a
    • UKD
    • 656.13.002
700 -Hasło dodatkowe - nazwa osobowa [1, ]
    • a
    • Nazwa osobowa (NP)
    • Gracz, Jerzy Find
    • d
    • Daty biograficzne (NP)
    • (1942-2025).
    • 9
    • KHW
    • 558737
700 -Hasło dodatkowe - nazwa osobowa [1, ]
    • a
    • Nazwa osobowa (NP)
    • Szałek, Benon Zbigniew Find
    • d
    • Daty biograficzne (NP)
    • (1948-2025).
    • 9
    • KHW
    • 45609
710 -Hasło dodatkowe - nazwa ciała zbiorowego [2, ]
    • a
    • Nazwa ciała zbiorowego lub nazwa geograficzna jako pierwszy element (NP)
    • Wydawnictwa Komunikacji i Łączności.
    • 4
    • Kod relacji
    • pbl
    • 9
    • KHW
    • 53408
920 -ISBN [ , ]
    • a
    • ISBN
    • 83-206-0805-8 Find
    • z
    • Błędny ISBN
    • 83-206-805-8 Find
Data inwentaryzacji Lokalizacja Numer inwentarzowy Status udost.
1999-01-25BEE.57645-2
1999-01-25BES.719652
1999-01-25BES.640812
1999-01-25TTS.73660-3
1999-01-25TTS.73661-6
1999-01-25TTS.64082-11
1999-01-25TTS.64083-6
1999-01-25TTS.64084-3
1999-01-25TTS.64085-3
1999-01-25TTS.64086-3
1999-01-25TTS.64087-3
1999-01-25TTS.64088-11
1999-01-25TTS.64089-11
1999-01-25TTS.64090-11
1999-01-25TTS.64091-3
1999-01-25TTS.64092-3
1999-01-25TTS.64093-11
1999-01-25TTS.64094-11
1999-01-25TTS.64095-3
1999-01-25TTS.64096-11
1999-01-25TTS.64097-11
1999-01-25TTS.64098-3
1999-01-25TTS.64099-11
1999-01-25TTS.64100-11
1999-01-25TTS.64101-11
1999-01-25TTS.64102-11
1999-01-25TTS.64103-11
1999-01-25TTS.64104-3
1999-01-25TTS.64105-11
1999-01-25TTS.64106-11
1999-01-25TTS.64107-11
1999-01-25TTS.64108-11
1999-01-25TTS.64109-11
1999-01-25TTS.64110-11
1999-01-25TTS.64111-11
1999-01-25TTS.64112-11
1999-01-25TTS.64113-11
1999-01-25TTS.64114-11
1999-01-25TTS.64115-11
1999-01-25TTS.64116-11
1999-01-25TTS.64117-11
1999-01-25TTS.64118-11
1999-01-25TTS.64119-11
1999-01-25TTS.64120-11